000 00401cam a2200145ua 4500
041 _aeng
_h
082 _a828.09
_bBRO/AL
100 _aBrower, Reuben Arthur .
245 _aAlexander pope:the poetry of allusion /
_cReben Arthur Brower.
_hTextual Documents
260 _aLondon :
_bOxford at the Clarendon Press ,
_c1963.
300 _a368 ; .
504 _a
942 _cBK
999 _c12847
_d12847